[Event "Liga Madrileña - DH 2015-2016"]
[Site "Madrid ESP"]
[Date "2015.12.20"]
[Round "4.21"]
[White "Valles Moreno, Ivan"]
[Black "Candela Perez, Jose"]
[Result "1-0"]
[WhiteElo "2427"]
[BlackElo "2412"]
[PlyCount "57"]
[EventDate "2015.11.22"]
[EventType "team-tourn"]
[EventRounds "14"]
[EventCountry "ESP"]
[Source "lmi"]
[SourceDate "2015.11.22"]
[WhiteTeam "Liberty Chess"]
[BlackTeam "La Casa del Ajedrez"]
[WhiteTeamCountry "ESP"]
[BlackTeamCountry "ESP"]

1. e4 e5 2. Nc3 Nf6 3. Bc4 Nxe4 4. Qh5 Nd6 5. Qxe5+ Qe7 6. Qxe7+ Bxe7 7. Bb3 c6
8. d4 Nf5 9. d5 Na6 10. Nf3 Nc5 11. Bf4 O-O 12. O-O-O b5 13. Rhe1 Nxb3+ 14.
axb3 Bb4 15. d6 h5 16. h3 h4 17. g4 hxg3 18. fxg3 Bb7 19. g4 c5 20. gxf5 Bxf3
21. Rd3 Bc6 22. Rg3 f6 23. Re7 Rfe8 24. Bh6 Rxe7 25. dxe7 Kf7 26. Rxg7+ Ke8 27.
Nxb5 Bxb5 28. Rg8+ Kxe7 29. Rxa8 1-0

[Event "Liga Madrileña - DH 2015-2016"]
[Site "Madrid ESP"]
[Date "2015.12.20"]
[Round "4.22"]
[White "Gallego Jimenez, Victoriano"]
[Black "Perez Gonzalez, Jose Manuel"]
[Result "1/2-1/2"]
[WhiteElo "2362"]
[BlackElo "2340"]
[PlyCount "111"]
[EventDate "2015.11.22"]
[EventType "team-tourn"]
[EventRounds "14"]
[EventCountry "ESP"]
[Source "lmi"]
[SourceDate "2015.11.22"]
[WhiteTeam "La Casa del Ajedrez"]
[BlackTeam "Liberty Chess"]
[WhiteTeamCountry "ESP"]
[BlackTeamCountry "ESP"]

1. d4 Nf6 2. Nf3 g6 3. g3 Bg7 4. Bg2 O-O 5. c4 d6 6. O-O Nc6 7. Nc3 a6 8. h3
Bd7 9. e4 Qc8 10. Kh2 e5 11. dxe5 Nxe5 12. Nxe5 dxe5 13. Be3 Bc6 14. b4 Rd8 15.
Qe2 b5 16. Rfc1 Qb7 17. Nd5 Bxd5 18. cxd5 Ne8 19. Qc2 Bf8 20. Rab1 Bd6 21. Bd2
Nf6 22. Bg5 Kg7 23. Qd2 Re8 24. Rc6 Ng8 25. Rbc1 f6 26. Be3 Ne7 27. R6c2 Nc8
28. Bf1 Ne7 29. Bc5 Rac8 30. h4 f5 31. Bh3 h6 32. h5 g5 33. Bxf5 Nxf5 34. exf5
Kf6 35. Bxd6 cxd6 36. Rc6 Rxc6 37. Rxc6 Rd8 38. Qe3 Qf7 39. Qf3 Qa7 40. g4 Qd4
41. a3 e4 42. Qc3 Qxc3 43. Rxc3 Ke5 44. Rc7 Kxd5 45. Rh7 Kc4 46. Rxh6 d5 47.
Re6 Kc3 48. f6 d4 49. Rxe4 d3 50. f7 Rf8 51. Re7 d2 52. Rc7+ Kb2 53. Rd7 Kc2
54. Rc7+ Kb2 55. Rd7 Kc2 56. Rc7+ 1/2-1/2

[Event "Liga Madrileña - DH 2015-2016"]
[Site "Madrid ESP"]
[Date "2015.12.20"]
[Round "4.23"]
[White "Sanchez Gonzalez, Sergio"]
[Black "Rojo Huerta, Gabriel"]
[Result "1/2-1/2"]
[WhiteElo "2300"]
[BlackElo "2362"]
[PlyCount "46"]
[EventDate "2015.11.22"]
[EventType "team-tourn"]
[EventRounds "14"]
[EventCountry "ESP"]
[Source "lmi"]
[SourceDate "2015.11.22"]
[WhiteTeam "Liberty Chess"]
[BlackTeam "La Casa del Ajedrez"]
[WhiteTeamCountry "ESP"]
[BlackTeamCountry "ESP"]

1. c4 c5 2. Nf3 Nc6 3. d4 cxd4 4. Nxd4 Qb6 5. Nc2 Nf6 6. Nc3 e6 7. e3 Be7 8.
Be2 O-O 9. O-O Qc7 10. b3 b6 11. f4 Bb7 12. Bf3 a6 13. e4 Nb4 14. Nd4 d5 15.
exd5 exd5 16. a3 Nc6 17. Nxc6 Qxc6 18. Nxd5 Nxd5 19. Qxd5 Bc5+ 20. Kh1 Qf6 21.
Qe5 Qxe5 22. fxe5 Bxf3 23. Rxf3 Bd4 1/2-1/2

[Event "Liga Madrileña - DH 2015-2016"]
[Site "Madrid ESP"]
[Date "2015.12.20"]
[Round "4.25"]
[White "Hinojar Diez, David"]
[Black "Collado Barbas, Laura"]
[Result "0-1"]
[WhiteElo "2133"]
[BlackElo "2121"]
[PlyCount "62"]
[EventDate "2015.11.22"]
[EventType "team-tourn"]
[EventRounds "14"]
[EventCountry "ESP"]
[Source "lmi"]
[SourceDate "2015.11.22"]
[WhiteTeam "Liberty Chess"]
[BlackTeam "La Casa del Ajedrez"]
[WhiteTeamCountry "ESP"]
[BlackTeamCountry "ESP"]

1. d4 d5 2. c4 e6 3. Nf3 c6 4. Nc3 dxc4 5. a4 Bb4 6. e3 b5 7. Be2 Bb7 8. O-O a6
9. Na2 Bd6 10. b3 cxb3 11. Qxb3 Ne7 12. e4 Ng6 13. e5 Be7 14. Rd1 O-O 15. Nc3
Nd7 16. Ne4 c5 17. Nxc5 Bd5 18. Qc3 Nxc5 19. dxc5 Qc7 20. axb5 axb5 21. Rxa8
Rxa8 22. Bxb5 Rb8 23. Be2 Qxc5 24. Bb2 Nf4 25. Bf1 Qxc3 26. Bxc3 Rb3 27. Rc1
Ba3 28. Rc2 Be4 29. Rd2 Rxc3 30. Rd8+ Bf8 31. Ng5 Rc1 0-1

[Event "Liga Madrileña - DH 2015-2016"]
[Site "Madrid ESP"]
[Date "2015.12.20"]
[Round "4.26"]
[White "Unciti Juan, Javier"]
[Black "Suarez Triguero, Jose Alfonso"]
[Result "0-1"]
[WhiteElo "2050"]
[BlackElo "2063"]
[PlyCount "60"]
[EventDate "2015.11.22"]
[EventType "team-tourn"]
[EventRounds "14"]
[EventCountry "ESP"]
[Source "lmi"]
[SourceDate "2015.11.22"]
[WhiteTeam "La Casa del Ajedrez"]
[BlackTeam "Liberty Chess"]
[WhiteTeamCountry "ESP"]
[BlackTeamCountry "ESP"]

1. d4 Nf6 2. Bf4 d5 3. e3 e6 4. Nf3 Bd6 5. Bg3 O-O 6. Bd3 b6 7. Ne5 Bxe5 8.
dxe5 Ne4 9. Bxe4 dxe4 10. Qg4 Nc6 11. Nc3 Ne7 12. Nxe4 Kh8 13. Rd1 Qe8 14. Bh4
Ba6 15. Nf6 Qb5 16. Nxh7 Nf5 17. Nxf8 Qxb2 18. Qh5+ Nh6 19. f4 Qc3+ 20. Kf2
Qxc2+ 21. Kg3 Be2 22. Rc1 Qd2 23. Qf3 Nf5+ 24. Kh3 Bxf3 25. gxf3 Rxf8 26. Rxc7
Nxh4 27. Kxh4 Qg2 28. Rd1 Qxh2+ 29. Kg4 Qg2+ 30. Kh4 g6 0-1

[Event "Liga Madrileña - DH 2015-2016"]
[Site "Madrid ESP"]
[Date "2015.12.20"]
[Round "4.31"]
[White "Vazquez Igarza, Renier"]
[Black "Bolado Saez, Sergio"]
[Result "1-0"]
[WhiteElo "2565"]
[BlackElo "2359"]
[PlyCount "59"]
[EventDate "2015.11.22"]
[EventType "team-tourn"]
[EventRounds "14"]
[EventCountry "ESP"]
[Source "lmi"]
[SourceDate "2015.11.22"]
[WhiteTeam "Collado Villalba"]
[BlackTeam "Blanco y Negro"]
[WhiteTeamCountry "ESP"]
[BlackTeamCountry "ESP"]

1. Nf3 Nf6 2. d4 d5 3. c4 c6 4. e3 e6 5. b3 c5 6. Bb2 cxd4 7. exd4 Nc6 8. Bd3
Be7 9. O-O b6 10. Nbd2 Bb7 11. Rc1 O-O 12. Qe2 Rc8 13. a3 dxc4 14. bxc4 Re8 15.
Rfd1 Bf8 16. Nf1 g6 17. Bb1 Bg7 18. Ne3 Na5 19. Ba2 Nh5 20. g3 Qe7 21. d5 Red8
22. Ng4 f5 23. Ne3 exd5 24. cxd5 Kh8 25. Rxc8 Rxc8 26. Bxg7+ Nxg7 27. Qb2 Re8
28. d6 Qe4 29. d7 Rd8 30. Qf6 1-0

[Event "Liga Madrileña - DH 2015-2016"]
[Site "Madrid ESP"]
[Date "2015.12.20"]
[Round "4.32"]
[White "Martinez Reyes, Pedro Ramon"]
[Black "Arribas Lopez, Angel"]
[Result "0-1"]
[WhiteElo "2338"]
[BlackElo "2526"]
[PlyCount "64"]
[EventDate "2015.11.22"]
[EventType "team-tourn"]
[EventRounds "14"]
[EventCountry "ESP"]
[Source "lmi"]
[SourceDate "2015.11.22"]
[WhiteTeam "Blanco y Negro"]
[BlackTeam "Collado Villalba"]
[WhiteTeamCountry "ESP"]
[BlackTeamCountry "ESP"]

1. Nf3 d6 2. e4 Nf6 3. Nc3 c5 4. d4 cxd4 5. Nxd4 g6 6. Be2 Bg7 7. O-O O-O 8.
Re1 Nc6 9. Nb3 Be6 10. Bf1 a5 11. a4 Rc8 12. Nd5 Bxd5 13. exd5 Nb4 14. c4 Nd7
15. Bg5 Bf6 16. Bxf6 exf6 17. Nd4 f5 18. Qd2 Qf6 19. Ra3 Rfe8 20. Rxe8+ Rxe8
21. Re3 Rxe3 22. Qxe3 Nc5 23. Nb5 Qe5 24. Qg3 Qxg3 25. fxg3 Nxa4 26. Nxd6 Nxb2
27. Nxb7 a4 28. Na5 a3 29. d6 Kf8 30. c5 a2 31. c6 Nxc6 32. Nxc6 Ke8 0-1

[Event "Liga Madrileña - DH 2015-2016"]
[Site "Madrid ESP"]
[Date "2015.12.20"]
[Round "4.33"]
[White "Moreno Ruiz, Javier"]
[Black "Alarcia Astiz, Carlos"]
[Result "1-0"]
[WhiteElo "2435"]
[BlackElo "2337"]
[PlyCount "73"]
[EventDate "2015.11.22"]
[EventType "team-tourn"]
[EventRounds "14"]
[EventCountry "ESP"]
[Source "lmi"]
[SourceDate "2015.11.22"]
[WhiteTeam "Collado Villalba"]
[BlackTeam "Blanco y Negro"]
[WhiteTeamCountry "ESP"]
[BlackTeamCountry "ESP"]

1. c4 Nf6 2. d4 e6 3. Nc3 d5 4. cxd5 exd5 5. Bg5 c6 6. Qc2 h6 7. Bh4 Bd6 8. e3
O-O 9. Bd3 Re8 10. Nf3 Nbd7 11. O-O Nb6 12. Rfe1 Be6 13. Ne5 Rc8 14. f4 Be7 15.
f5 Bd7 16. Rad1 c5 17. Qf2 cxd4 18. exd4 Ne4 19. Bxe4 Bxh4 20. g3 Bxg3 21. Qxg3
dxe4 22. Nxe4 f6 23. Nxd7 Rxe4 24. Nxf6+ Qxf6 25. Rxe4 Qxf5 26. Re7 Qf6 27.
Rxb7 Nd5 28. Qe5 Qg6+ 29. Kh1 Nf4 30. Rxg7+ Qxg7 31. Qxf4 Qb7+ 32. d5 Rf8 33.
Rg1+ Kh7 34. Qe4+ Kh8 35. Qe6 Qb6 36. Qxb6 axb6 37. Rg6 1-0

[Event "Liga Madrileña - DH 2015-2016"]
[Site "Madrid ESP"]
[Date "2015.12.20"]
[Round "4.34"]
[White "Renteria Becerra, Jorge Elicer"]
[Black "Reyes Larena, Juan"]
[Result "0-1"]
[WhiteElo "2244"]
[BlackElo "2447"]
[PlyCount "62"]
[EventDate "2015.11.22"]
[EventType "team-tourn"]
[EventRounds "14"]
[EventCountry "ESP"]
[Source "lmi"]
[SourceDate "2015.11.22"]
[WhiteTeam "Blanco y Negro"]
[BlackTeam "Collado Villalba"]
[WhiteTeamCountry "ESP"]
[BlackTeamCountry "ESP"]

1. Nf3 Nf6 2. g3 g6 3. b3 d6 4. Bb2 e5 5. Bg2 Bg7 6. d4 e4 7. Nfd2 d5 8. e3 O-O
9. O-O c6 10. h3 Re8 11. c4 h5 12. Nc3 a6 13. Qe2 Bf5 14. Na4 Nbd7 15. cxd5
cxd5 16. Rfc1 Nf8 17. Rc3 N8h7 18. Rac1 Ng5 19. Kh2 b5 20. Nc5 Qb8 21. h4 Bg4
22. Qf1 Ngh7 23. Bh3 g5 24. hxg5 Nxg5 25. Bxg4 hxg4 26. Kg2 Kh7 27. Qe2 Kg6 28.
Rh1 Nf3 29. Rcc1 Rh8 30. Rxh8 Qxh8 31. Rh1 Qxh1+ 0-1

[Event "Liga Madrileña - DH 2015-2016"]
[Site "Madrid ESP"]
[Date "2015.12.20"]
[Round "4.35"]
[White "Martin Duque, Jesus"]
[Black "Alba Linero, Emilio"]
[Result "1/2-1/2"]
[WhiteElo "2347"]
[BlackElo "2155"]
[PlyCount "77"]
[EventDate "2015.11.22"]
[EventType "team-tourn"]
[EventRounds "14"]
[EventCountry "ESP"]
[Source "lmi"]
[SourceDate "2015.11.22"]
[WhiteTeam "Collado Villalba"]
[BlackTeam "Blanco y Negro"]
[WhiteTeamCountry "ESP"]
[BlackTeamCountry "ESP"]

1. e4 e5 2. Nf3 Nc6 3. Bc4 Bc5 4. c3 Nf6 5. d3 d6 6. Nbd2 O-O 7. Bb3 a6 8. Nf1
d5 9. Qe2 d4 10. h3 Be6 11. g4 Nd7 12. Ng3 Bxb3 13. axb3 Be7 14. b4 b5 15. O-O
g6 16. Kg2 Nb6 17. Bh6 Re8 18. h4 Qd7 19. Ng5 Na4 20. Rac1 dxc3 21. bxc3 Rad8
22. Rfd1 Bf8 23. Bxf8 Rxf8 24. f3 Qe7 25. Nh3 Qxh4 26. Rh1 Qe7 27. Nf2 f6 28.
Nf1 Rd7 29. Ne3 Nd8 30. Nd5 Qf7 31. g5 fxg5 32. Ng4 Qg7 33. Rxh7 Kxh7 34. Rh1+
Kg8 35. Nh6+ Kh8 36. Nf7+ Kg8 37. Nh6+ Kh8 38. Nf7+ Kg8 39. Kg3 1/2-1/2

[Event "Liga Madrileña - DH 2015-2016"]
[Site "Madrid ESP"]
[Date "2015.12.20"]
[Round "4.36"]
[White "Bento Iglesias, Pablo"]
[Black "Cao Armillas, Jesus"]
[Result "1/2-1/2"]
[WhiteElo "1999"]
[BlackElo "2087"]
[PlyCount "73"]
[EventDate "2015.11.22"]
[EventType "team-tourn"]
[EventRounds "14"]
[EventCountry "ESP"]
[Source "lmi"]
[SourceDate "2015.11.22"]
[WhiteTeam "Blanco y Negro"]
[BlackTeam "Collado Villalba"]
[WhiteTeamCountry "ESP"]
[BlackTeamCountry "ESP"]

1. e4 c5 2. c3 d5 3. exd5 Qxd5 4. d4 Nc6 5. Nf3 Bg4 6. Be2 cxd4 7. cxd4 e6 8.
O-O Nf6 9. Nc3 Qd6 10. Be3 Be7 11. Qd2 O-O 12. Rac1 Rfd8 13. Rfd1 a6 14. h3 Bh5
15. a3 Rac8 16. Bf4 Qd7 17. Ne5 Qe8 18. Qe3 Bxe2 19. Nxe2 Nd5 20. Qf3 Nxf4 21.
Qxf4 h6 22. Qe4 Nxe5 23. dxe5 Rxd1+ 24. Rxd1 Qb5 25. Rd2 Rc5 26. f4 Rc7 27. Kh2
Qb3 28. Nd4 Qa4 29. Qd3 g6 30. Nxe6 fxe6 31. Qxg6+ Kf8 32. Qxh6+ Ke8 33. Qh5+
Kf8 34. Qh8+ Kf7 35. Qh7+ Kf8 36. Qh6+ Ke8 37. Qg6+ 1/2-1/2

[Event "Liga Madrileña - DH 2015-2016"]
[Site "Madrid ESP"]
[Date "2015.12.20"]
[Round "4.41"]
[White "Aranda Marin, Cristian"]
[Black "Moreno Trujillo, Alejandro"]
[Result "0-1"]
[WhiteElo "2352"]
[BlackElo "2504"]
[PlyCount "154"]
[EventDate "2015.11.22"]
[EventType "team-tourn"]
[EventRounds "14"]
[EventCountry "ESP"]
[Source "lmi"]
[SourceDate "2015.11.22"]
[WhiteTeam "San Fernando de Henares"]
[BlackTeam "64 Villalba"]
[WhiteTeamCountry "ESP"]
[BlackTeamCountry "ESP"]

1. e4 e6 2. Qe2 c5 3. Nf3 Nc6 4. c3 d5 5. exd5 Qxd5 6. g3 Nf6 7. Bg2 Qe4 8.
Qxe4 Nxe4 9. Na3 Nd6 10. O-O Be7 11. d4 cxd4 12. Nxd4 Bd7 13. Nxc6 Bxc6 14.
Bxc6+ bxc6 15. Rd1 f6 16. Be3 Kf7 17. Bc5 Rhd8 18. Bxd6 Bxd6 19. Nc4 Bc7 20.
Kf1 Ke7 21. Rxd8 Rxd8 22. Ke2 Rd5 23. Rd1 Rh5 24. h4 Rc5 25. Rd4 g6 26. Nd2 Rb5
27. b3 Re5+ 28. Re4 Ra5 29. a4 f5 30. Rc4 Re5+ 31. Kd3 Bb6 32. Nf3 Rd5+ 33. Ke2
c5 34. h5 Kf6 35. hxg6 hxg6 36. Rh4 e5 37. Nd2 e4 38. Nc4 Rd3 39. a5 Bd8 40.
Rh8 Kg7 41. Re8 Bf6 42. Ra8 Rd7 43. b4 cxb4 44. cxb4 Bd4 45. b5 Rc7 46. Ne3 Rd7
47. Nc4 Rc7 48. Ne3 Kh6 49. Rd8 Bxe3 50. Kxe3 Rc5 51. Rb8 Rc4 52. Rb7 Rb4 53.
a6 Kg5 54. Rxa7 Rxb5 55. Rb7 Ra5 56. Rb6 Ra3+ 57. Ke2 Kh5 58. Rf6 Ra5 59. Ke3
Ra2 60. Rb6 g5 61. Re6 Ra3+ 62. Ke2 Kg4 63. Rg6 Ra4 64. Ke3 Ra2 65. Rf6 Ra3+
66. Ke2 f4 67. gxf4 gxf4 68. Rg6+ Kf5 69. Rb6 Ra2+ 70. Kf1 Kg4 71. Ke1 Kf3 72.
Rb3+ e3 73. fxe3 fxe3 74. Rb1 Rxa6 75. Kf1 Rh6 76. Kg1 Rg6+ 77. Kh1 Kf2 0-1

[Event "Liga Madrileña - DH 2015-2016"]
[Site "Madrid ESP"]
[Date "2015.12.20"]
[Round "4.42"]
[White "Perez Mitjans, Orelvis"]
[Black "Fernandez Blazquez, Diego"]
[Result "0-1"]
[WhiteElo "2478"]
[BlackElo "2229"]
[PlyCount "90"]
[EventDate "2015.11.22"]
[EventType "team-tourn"]
[EventRounds "14"]
[EventCountry "ESP"]
[Source "lmi"]
[SourceDate "2015.11.22"]
[WhiteTeam "64 Villalba"]
[BlackTeam "San Fernando de Henares"]
[WhiteTeamCountry "ESP"]
[BlackTeamCountry "ESP"]

1. e4 e6 2. d4 d5 3. Nd2 Nf6 4. e5 Nfd7 5. Ngf3 c5 6. c3 Nc6 7. Bd3 g6 8. h4 h6
9. O-O Be7 10. g3 g5 11. hxg5 hxg5 12. dxc5 Ndxe5 13. Bb5 Bd7 14. b4 a6 15. Be2
g4 16. Nd4 f5 17. N2b3 Kf7 18. Re1 Qg8 19. Bf1 Qh7 20. Bg2 Bf6 21. a4 Nf3+ 22.
Nxf3 gxf3 23. Qxf3 Ne5 24. Qe2 Rag8 25. Nd4 Rg4 26. b5 Re4 27. Be3 Nc4 28. bxa6
f4 29. gxf4 Qh2+ 30. Kf1 Rg8 31. Qf3 Rxe3 32. Rxe3 Nd2+ 33. Ke2 Nxf3 34. Bxf3
Bxd4 35. cxd4 bxa6 36. c6 Bxc6 37. Rc3 Bd7 38. Rc7 Ke7 39. Rh1 Qxf4 40. Rh7+
Kf6 41. Rcxd7 Qxd4 42. Rhf7+ Ke5 43. Bxd5 Qb2+ 44. Kd3 Qa3+ 45. Ke2 exd5 0-1

[Event "Liga Madrileña - DH 2015-2016"]
[Site "Madrid ESP"]
[Date "2015.12.20"]
[Round "4.43"]
[White "Garrido Olivares, Ricard"]
[Black "Rodriguez Cespedes, Amador"]
[Result "0-1"]
[WhiteElo "2155"]
[BlackElo "2424"]
[PlyCount "94"]
[EventDate "2015.11.22"]
[EventType "team-tourn"]
[EventRounds "14"]
[EventCountry "ESP"]
[Source "lmi"]
[SourceDate "2015.11.22"]
[WhiteTeam "San Fernando de Henares"]
[BlackTeam "64 Villalba"]
[WhiteTeamCountry "ESP"]
[BlackTeamCountry "ESP"]

1. c4 e5 2. g3 Nf6 3. Bg2 Nc6 4. Nc3 Bb4 5. Nd5 Bc5 6. Nf3 d6 7. d3 Nxd5 8.
cxd5 Ne7 9. Nd2 O-O 10. O-O c6 11. dxc6 Nxc6 12. e3 Be6 13. Nb3 Bb6 14. d4 Bc4
15. Re1 Rc8 16. a3 d5 17. Bd2 exd4 18. Nxd4 Nxd4 19. exd4 Bxd4 20. Bb4 Qf6 21.
Qf3 Bxb2 22. Rad1 Rfe8 23. Qxf6 Bxf6 24. Rxe8+ Rxe8 25. Bxd5 Rd8 26. Bf3 Rxd1+
27. Bxd1 Bd4 28. Bf3 b6 29. Bc6 g6 30. Kg2 Kg7 31. Be7 Bc5 32. Bxc5 bxc5 33.
Kf3 Kf6 34. Ke3 Ke5 35. f4+ Kd6 36. Be8 Be6 37. Ke4 f6 38. Bb5 Bf5+ 39. Ke3 Kd5
40. Be2 h5 41. Bb5 a5 42. Be8 Kc4 43. h3 Kb3 44. Kd2 Kb2 45. g4 hxg4 46. hxg4
Bxg4 47. Kd3 Be6 0-1

[Event "Liga Madrileña - DH 2015-2016"]
[Site "Madrid ESP"]
[Date "2015.12.20"]
[Round "4.44"]
[White "Ruperez Benito, Antonio"]
[Black "Del Valle Cirera, Adria"]
[Result "1-0"]
[WhiteElo "2218"]
[BlackElo "2107"]
[PlyCount "105"]
[EventDate "2015.11.22"]
[EventType "team-tourn"]
[EventRounds "14"]
[EventCountry "ESP"]
[Source "lmi"]
[SourceDate "2015.11.22"]
[WhiteTeam "64 Villalba"]
[BlackTeam "San Fernando de Henares"]
[WhiteTeamCountry "ESP"]
[BlackTeamCountry "ESP"]

1. e4 c5 2. Nf3 e6 3. c3 Nf6 4. e5 Nd5 5. d4 cxd4 6. cxd4 b6 7. Nc3 Nxc3 8.
bxc3 Be7 9. Bd3 Ba6 10. Bxa6 Nxa6 11. h4 Nc7 12. Ng5 h6 13. Ne4 d5 14. Ng3 Qd7
15. a4 Qc6 16. Bd2 O-O-O 17. h5 f6 18. exf6 Bxf6 19. O-O e5 20. dxe5 Bxe5 21.
Re1 Rhe8 22. Qf3 Qf6 23. Qd3 d4 24. c4 Bxg3 25. Qxg3 Rxe1+ 26. Rxe1 Kb7 27. c5
Ne6 28. cxb6 axb6 29. a5 b5 30. a6+ Ka8 31. Ba5 Rc8 32. Qd3 Nc5 33. Qxb5 Qxa6
34. Qxa6+ Nxa6 35. Re7 Rc1+ 36. Kh2 Rc5 37. Bb6 Rxh5+ 38. Kg3 Rd5 39. Ra7+ Kb8
40. Rxa6 Rg5+ 41. Kf3 Kb7 42. Bd8 Rd5 43. Rb6+ Ka7 44. Rg6 Rxd8 45. Rxg7+ Kb6
46. Rg6+ Kc5 47. Ke2 Ra8 48. Rxh6 Ra2+ 49. Kf3 d3 50. Rh8 Kd4 51. g4 d2 52.
Rd8+ Kc3 53. Ke3 1-0

[Event "Liga Madrileña - DH 2015-2016"]
[Site "Madrid ESP"]
[Date "2015.12.20"]
[Round "4.45"]
[White "Nunez Miranda, Adrian"]
[Black "Cabanas Bravo, Juan Andres"]
[Result "1-0"]
[WhiteElo "2085"]
[BlackElo "2012"]
[PlyCount "69"]
[EventDate "2015.11.22"]
[EventType "team-tourn"]
[EventRounds "14"]
[EventCountry "ESP"]
[Source "lmi"]
[SourceDate "2015.11.22"]
[WhiteTeam "San Fernando de Henares"]
[BlackTeam "64 Villalba"]
[WhiteTeamCountry "ESP"]
[BlackTeamCountry "ESP"]

1. e4 d5 2. exd5 Nf6 3. Bb5+ Bd7 4. Bc4 Bg4 5. f3 Bc8 6. Nc3 Nbd7 7. Qe2 Nb6 8.
Qd3 g6 9. Bb3 Bg7 10. Nge2 O-O 11. Ng3 Nfd7 12. Nge4 Ne5 13. Qe2 a5 14. a4 c6
15. d4 cxd5 16. dxe5 dxe4 17. Qxe4 Bf5 18. Qe2 Qc7 19. Bf4 g5 20. Nb5 Qc5 21.
Be3 Qb4+ 22. Kf2 Nd7 23. Nd4 Bg6 24. c3 Qb6 25. e6 Ne5 26. Rhd1 h6 27. Kg1 f5
28. Nb5 Qc6 29. Bd4 g4 30. Bxe5 gxf3 31. gxf3 Bxe5 32. Qxe5 Qxf3 33. Qg3 Qh5
34. Rd5 Kh8 35. Bd1 1-0

[Event "Liga Madrileña - DH 2015-2016"]
[Site "Madrid ESP"]
[Date "2015.12.20"]
[Round "4.46"]
[White "Palomino Menendez, Salvador"]
[Black "De la Orden Alcocer, Alejandro"]
[Result "1-0"]
[WhiteElo "1888"]
[BlackElo "2024"]
[PlyCount "86"]
[EventDate "2015.11.22"]
[EventType "team-tourn"]
[EventRounds "14"]
[EventCountry "ESP"]
[Source "lmi"]
[SourceDate "2015.11.22"]
[WhiteTeam "64 Villalba"]
[BlackTeam "San Fernando de Henares"]
[WhiteTeamCountry "ESP"]
[BlackTeamCountry "ESP"]

1. e4 g6 2. f4 Bg7 3. Nf3 c6 4. d4 d5 5. e5 Bg4 6. Bd3 e6 7. O-O Ne7 8. h3 Bxf3
9. Qxf3 Nd7 10. a4 c5 11. Be3 c4 12. Be2 Nc6 13. Na3 a6 14. Kh1 O-O 15. g4 f6
16. exf6 Nxf6 17. c3 Qd6 18. Qg2 Ne7 19. Rae1 Ne4 20. Nxc4 Qc6 21. Nd2 Nxd2 22.
Bxd2 Qxa4 23. Bf3 Qd7 24. Qe2 Kf7 25. f5 exf5 26. Bg5 Rae8 27. Bxe7 Rxe7 28.
Qxe7+ Qxe7 29. Bxd5+ Ke8 30. gxf5 Rxf5 31. Rxe7+ Kxe7 32. Rxf5 gxf5 33. Bxb7 a5
34. Kg2 Kf6 35. Kf3 Bf8 36. c4 Bg7 37. b3 Ke7 38. Ke3 f4+ 39. Kd3 Bf6 40. c5
Bh4 41. d5 f3 42. d6+ Kd8 43. Bxf3 Ke8 1-0

[Event "Liga Madrileña - DH 2015-2016"]
[Site "Madrid ESP"]
[Date "2016.01.10"]
[Round "5.11"]
[White "Candela Perez, Jose"]
[Black "Aranda Marin, Cristian"]
[Result "1/2-1/2"]
[WhiteElo "2412"]
[BlackElo "2352"]
[PlyCount "127"]
[EventDate "2015.11.22"]
[EventType "team-tourn"]
[EventRounds "14"]
[EventCountry "ESP"]
[Source "lmi"]
[SourceDate "2015.11.22"]
[WhiteTeam "La Casa del Ajedrez"]
[BlackTeam "San Fernando de Henares"]
[WhiteTeamCountry "ESP"]
[BlackTeamCountry "ESP"]

1. d4 Nf6 2. c4 e6 3. Nf3 b6 4. a3 Bb7 5. Nc3 d5 6. cxd5 Nxd5 7. Qc2 Be7 8. e4
Nxc3 9. bxc3 O-O 10. Bd3 c5 11. O-O cxd4 12. cxd4 Qc8 13. Qe2 Ba6 14. Rd1 Bxd3
15. Rxd3 Nd7 16. Bb2 Qa6 17. Rad1 Rfe8 18. h4 Nf6 19. Ne5 Rac8 20. h5 h6 21.
Nxf7 Kxf7 22. e5 Qb5 23. exf6 Bxf6 24. Bc1 Red8 25. Qg4 Qf5 26. Qxf5 exf5 27.
d5 Rc3 28. Bf4 Rxd3 29. Rxd3 Rc8 30. Kf1 Ke7 31. Ke2 Rc4 32. Bd2 Rh4 33. Bc3
Bxc3 34. Rxc3 Kd7 35. Ke3 Rxh5 36. Kd4 f4 37. Ke4 Rg5 38. g3 fxg3 39. fxg3 b5
40. Kd4 Rg4+ 41. Ke5 a5 42. Rc5 Rxg3 43. Rxb5 Re3+ 44. Kd4 Rxa3 45. Rb7+ Kd6
46. Rb6+ Ke7 47. Ke5 Re3+ 48. Kd4 Re1 49. Rg6 Kf7 50. Ra6 h5 51. Rxa5 h4 52. d6
Kf6 53. Ra8 g5 54. Kc5 Rd1 55. Rh8 Ke6 56. Rh6+ Ke5 57. Kc6 h3 58. d7 g4 59.
Kc7 Rxd7+ 60. Kxd7 Kf4 61. Ke6 g3 62. Rh4+ Kf3 63. Rxh3 Kf2 64. Rxg3 1/2-1/2

[Event "Liga Madrileña - DH 2015-2016"]
[Site "Madrid ESP"]
[Date "2016.01.10"]
[Round "5.12"]
[White "Fernandez Blazquez, Diego"]
[Black "Gallego Jimenez, Victoriano"]
[Result "1/2-1/2"]
[WhiteElo "2229"]
[BlackElo "2362"]
[PlyCount "63"]
[EventDate "2015.11.22"]
[EventType "team-tourn"]
[EventRounds "14"]
[EventCountry "ESP"]
[Source "lmi"]
[SourceDate "2015.11.22"]
[WhiteTeam "San Fernando de Henares"]
[BlackTeam "La Casa del Ajedrez"]
[WhiteTeamCountry "ESP"]
[BlackTeamCountry "ESP"]

1. d4 Nf6 2. Bg5 g6 3. Bxf6 exf6 4. c4 f5 5. Nc3 Bg7 6. e3 d6 7. g3 Nd7 8. Bg2
Nf6 9. Nge2 O-O 10. O-O h5 11. h4 g5 12. hxg5 Ng4 13. Nf4 Qxg5 14. Nh3 Qd8 15.
Qd3 h4 16. Rae1 hxg3 17. fxg3 c6 18. e4 Qf6 19. exf5 Qxd4+ 20. Qxd4 Bxd4+ 21.
Kh1 Ne3 22. Rf4 Nxg2 23. Kxg2 Be5 24. Rg4+ Bg7 25. Ne4 Bxf5 26. Nf6+ Kh8 27.
Rh4+ Bh6 28. Nf4 Kg7 29. N6h5+ Kg8 30. Nf6+ Kg7 31. N6h5+ Kg8 32. Nf6+ 1/2-1/2

[Event "Liga Madrileña - DH 2015-2016"]
[Site "Madrid ESP"]
[Date "2016.01.10"]
[Round "5.13"]
[White "Elguezabal Varela, Daniel"]
[Black "Jimenez Lopez, Antonio"]
[Result "1/2-1/2"]
[WhiteElo "2363"]
[BlackElo "2142"]
[PlyCount "101"]
[EventDate "2015.11.22"]
[EventType "team-tourn"]
[EventRounds "14"]
[EventCountry "ESP"]
[Source "lmi"]
[SourceDate "2015.11.22"]
[WhiteTeam "La Casa del Ajedrez"]
[BlackTeam "San Fernando de Henares"]
[WhiteTeamCountry "ESP"]
[BlackTeamCountry "ESP"]

1. d4 Nf6 2. Nf3 g6 3. g3 Bg7 4. Bg2 d6 5. O-O O-O 6. Nc3 Nbd7 7. e4 e5 8. h3
Re8 9. Re1 a6 10. a4 Rb8 11. a5 h6 12. Be3 exd4 13. Nxd4 Ne5 14. b3 c5 15. Nde2
Bxh3 16. Bxh3 Nf3+ 17. Kh1 Nxe1 18. Qxe1 Nxe4 19. Rd1 Nxc3 20. Nxc3 Qxa5 21.
Nd5 Qxe1+ 22. Rxe1 b5 23. Rd1 a5 24. Bd7 Red8 25. Ne7+ Kf8 26. Nc6 a4 27. bxa4
bxa4 28. Nxb8 a3 29. Bf4 a2 30. Bxd6+ Kg8 31. Bc7 Rf8 32. Kg2 a1=Q 33. Rxa1
Bxa1 34. Kf3 Kg7 35. Ke4 Bd4 36. f3 h5 37. Nc6 Bf2 38. Be5+ f6 39. Bd6 Ra8 40.
Be6 Ra3 41. Bb3 Ra1 42. Nd8 Re1+ 43. Kd5 g5 44. Ne6+ Kg6 45. Nxc5 Re3 46. Ne4
Rxf3 47. Nxf2 Rxf2 48. c4 h4 49. gxh4 gxh4 50. c5 h3 51. c6 1/2-1/2